| 000 | 00691nam a2200229Ia 4500 | ||
|---|---|---|---|
| 005 | 20221128114815.0 | ||
| 008 | 131103s9999 xx 000 0 und d | ||
| 040 | _aLoreto College | ||
| 041 | _aEnglish | ||
| 082 |
_a954.14 _bPAL |
||
| 100 | _aPalit, Chittabrata | ||
| 245 |
_aBengal before and after the Partition (1947) _b The changing profile of a province _cDr. Chittabrata Palit, Dr. Ujjal Roy |
||
| 250 | _a2nd ed | ||
| 260 |
_aKolkata _bCorpus Research Institute _c2005 |
||
| 300 | _a99p | ||
| 504 | _aIncludes bibliographical references | ||
| 650 | _aIndia, Bengal, History | ||
| 651 | _aBengal, History, 1947- | ||
| 700 | _aRay, Ujjal | ||
| 850 | _aLCLIB | ||
| 942 | _cBK | ||
| 999 |
_c12800 _d63279 |
||